| 000 | 00501nam a2200205Ia 4500 | ||
|---|---|---|---|
| 008 | 210210b1962 xxu||||| |||| 00| 0 eng d | ||
| 041 | _aeng | ||
| 082 | _a541.9 SHOE | ||
| 100 | _aSHOEMAKER (David P) | ||
| 245 | _aExperiments in physical chemistry | ||
| 260 |
_aNY _bMcGraw Hill Book Co. _c1962 |
||
| 300 | _aix,470 | ||
| 650 | _aphysical | ||
| 650 | _ain | ||
| 650 | _aExperiments | ||
| 650 | _achemistry | ||
| 690 | _aPhysical Chemistry | ||
| 700 | _aGarland (Carl W) | ||
| 906 | _a009816 | ||
| 999 |
_c148404 _d148404 |
||